SNG skončila rok so ziskom tisíc korún

Bibliographic Details
Main Author: (mi) (Author)
Format: Article
Language:Slovak
PhysicalDescription:Obr.
ISSN:1335-440X
Subjects:

MARC

LEADER 00000nab a2200000 a 4500
001 vtls000795888
003 SK-MaSNL
005 20260426094947.0
008 180206c2002 xo 0 slo
015 |a SNBRB2002/05-16798 
035 |a CLN000147543 
040 |a SNKBUCL  |b slo  |c SNKBUCL  |e AACR2 
041 0 |a slo 
044 |a xo  |c SK 
080 |a 06.069.2(437.6):73/76  |2 UDC-MRF-SK2 
100 0 |a (mi)  |4 aut  |9 839726 
214 1 0 |a Slovenská národná galéria skončila rok so ziskom tisíc korún 
245 1 0 |a SNG skončila rok so ziskom tisíc korún  |c [autor] (mi) 
246 1 3 |a Slovenská národná galéria skončila rok so ziskom tisíc korún 
300 |b Obr. 
610 2 7 |a Slovenská národná galéria  |2 snkbucl  |9 59840 
651 7 |a Bratislava (Slovensko)  |2 snkbucl  |9 14568 
655 7 |a články z novín a časopisov  |2 snkbucl  |9 267496 
773 0 |x 1335-440X  |t Sme  |g Roč. 10, č. 113 (17.5.2002), s. 19 
850 |a Slovenská národná knižnica v Martine 
852 |a SNK  |b KIS3GCP 
958 |a RBX 
999 |c 3152921  |d 3154851